Hometown Glory (Explicit)- Adele (19) - Statistics

General Stats
  • This quiz has been taken 309 times
    298 since last reset
  • The average score is 180 of 243
Answer Stats
Answer % Correct
I
97%
the
96%
my
93%
in
92%
hometown
91%
dily di
90%
been
89%
do
88%
Put: Do
88%
I've
88%
walking
86%
are
85%
Are
85%
Memories
85%
people
85%
same
85%
you
84%
You
84%
And
83%
and
83%
Is
82%
is
82%
way
82%
No
80%
did
78%
met
77%
there
77%
as
76%
world
76%
pavement
75%
please
75%
Round
75%
anything
74%
for
74%
it
74%
thank
74%
when
74%
wondering
74%
anyone
73%
call
73%
could
73%
ain't
72%
can
72%
Madam
72%
Oh
72%
oh
72%
city
71%
just
71%
of
70%
Of
70%
Missing
69%
fresh
68%
dear
67%
like
67%
lost
67%
wonders
67%
cracks
66%
feet
66%
that
66%
we
66%
da | day | di | yeah da
63%
this
63%
so
62%
two
62%
worlds
62%
air
61%
everybody
61%
Everybody
61%
to
61%
yeah
60%
Yeah
60%
collide
59%
Shows
59%
different
58%
gonna
58%
shit
57%
stand
57%
sides
56%
love
55%
short
53%
taking
53%
government
52%
heel
52%
take
52%
see
51%
skirts
51%
thick
51%
strutting
50%
united
50%
get
47%
opaque
47%
hey
45%
ay
44%
out
44%
Do dily
43%
hey day
40%
shades
38%
shorts
36%
now
35%
turning
22%
No matching quizzes found
Score Distribution
Percent of People with Each Score
Percentile by Number Answered
Your Score History
You have not taken this quiz since the last reset